[Event "SVK-chT1E 1819"]
[Site "Slovakia"]
[Date "2019.01.12"]
[Round "5.4"]
[White "Hlinka, Vasil"]
[Black "Holecko, Rastislav"]
[Result "1/2-1/2"]
[WhiteElo "2047"]
[BlackElo "2177"]
[PlyCount "130"]
[EventDate "2018.10.27"]
[EventType "team-tourn"]
[EventRounds "11"]
[EventCountry "SVK"]
[SourceTitle "CBM 188 Extra"]
[Source "ChessBase"]
[SourceDate "2019.02.26"]
[SourceVersion "1"]
[SourceVersionDate "2019.02.26"]
[SourceQuality "1"]
[WhiteTeam "Kosice 1 CC"]
[BlackTeam "Michalovce Zemplin"]
[WhiteTeamCountry "SVK"]
[BlackTeamCountry "SVK"]

1. d4 Nf6 2. g3 g6 3. Bg2 Bg7 4. e4 d6 5. Ne2 0-0 6. 0-0 e5 7. h3 c5 8. d5 Ne8 9. Nbc3 f5 10. Be3 Na6 11. Qd2 Nac7 12. a4 b6 13. Bg5 Nf6 14. Kh2 Rb8 15. Nb5 Nxb5 16. axb5 Ra8 17. exf5 gxf5 18. Ra3 a5 19. bxa6 Rxa6 20. Rfa1 Rxa3 21. Rxa3 Qe8 22. Bh6 Qh5 23. Bxg7 Kxg7 24. Ra7+ Rf7 25. Ra8 Bd7 26. f4 Qh6 27. Qc3 Re7 28. fxe5 dxe5 29. b4 c4 30. b5 Kg6 31. Rb8 Kf7 32. Kg1 Bxb5 33. Rxb6 Bd7 34. Rb8 Qg5 35. Qxc4 Qe3+ 36. Kh2 Kg7 37. Qb4 Rf7 38. Qh4 h6 39. Qc4 Ne4 40. Rb3 Qf2 41. Qd3 Ba4 42. Rb8 Bxc2 43. Qxc2 Nxg3 44. Qc3 Nf1+ 45. Kh1 Qxe2 46. Re8 Kh7 47. Rxe5 Qf2 48. Qe1 Qxe1 49. Rxe1 Nd2 50. d6 Ne4 51. Bxe4 fxe4 52. Rxe4 Rf1+ 53. Kg2 Rd1 54. Re6 Rd3 55. h4 h5 56. Kf2 Kg7 57. Ke2 Rd5 58. Ke3 Kf7 59. Rh6 Kg7 60. Ke4 Rd1 61. Re6 Kf7 62. Rh6 Kg7 63. Re6 Kf7 64. Re5 Rxd6 65. Kf5 Rg6 1/2-1/2

[Event "SVK-chT1E 1718"]
[Site "Slovakia"]
[Date "2017.12.03"]
[Round "6.4"]
[White "Hlinka, Vasil"]
[Black "Kravec, Patrik"]
[Result "1/2-1/2"]
[WhiteElo "2069"]
[BlackElo "2048"]
[PlyCount "77"]
[EventDate "2017.10.21"]
[EventType "team-tourn"]
[EventRounds "11"]
[EventCountry "SVK"]
[SourceTitle "EXT 2019"]
[Source "ChessBase"]
[SourceDate "2018.10.10"]
[SourceVersion "1"]
[SourceVersionDate "2018.10.10"]
[SourceQuality "1"]
[WhiteTeam "Kosice Slavia TU II"]
[BlackTeam "Sabinov"]
[WhiteTeamCountry "SVK"]
[BlackTeamCountry "SVK"]

1. d4 c5 2. d5 g6 3. e4 Bg7 4. c4 d6 5. Ne2 Nf6 6. Nbc3 0-0 7. Ng3 e6 8. Be2 exd5 9. cxd5 Re8 10. 0-0 a6 11. a4 Nbd7 12. Re1 Rb8 13. Bf1 Nb6 14. h3 Na8 15. Bf4 Nc7 16. e5 dxe5 17. Rxe5 Ra8 18. Bc4 Nd7 19. Rxe8+ Nxe8 20. d6 Nb6 21. Qb3 Nxd6 22. Rd1 Bd4 23. Bxd6 Qxd6 24. Bxf7+ Kg7 25. Nce2 Bd7 26. Nxd4 cxd4 27. Ne4 Qc7 28. Rxd4 Bxa4 29. Qe6 Qc1+ 30. Kh2 Qf4+ 31. g3 Qxf7 32. Qe5+ Kf8 33. Qh8+ Ke7 34. Qe5+ Kf8 35. Qh8+ Ke7 36. Qe5+ Kf8 37. Qd6+ Kg7 38. Qxb6 Bc6 39. Rd2 1/2-1/2

[Event "SVK-chT1E 1718"]
[Site "Slovakia"]
[Date "2017.12.02"]
[Round "5.5"]
[White "Hlinka, Vasil"]
[Black "Lasanda, Michal"]
[Result "0-1"]
[WhiteElo "2069"]
[BlackElo "2113"]
[PlyCount "84"]
[EventDate "2017.10.21"]
[EventType "team-tourn"]
[EventRounds "11"]
[EventCountry "SVK"]
[SourceTitle "EXT 2019"]
[Source "ChessBase"]
[SourceDate "2018.10.10"]
[SourceVersion "1"]
[SourceVersionDate "2018.10.10"]
[SourceQuality "1"]
[WhiteTeam "Kosice Slavia TU II"]
[BlackTeam "Michalovce Zemplin"]
[WhiteTeamCountry "SVK"]
[BlackTeamCountry "SVK"]

1. d4 Nf6 2. Nf3 e6 3. Bf4 b6 4. e3 Be7 5. h3 Bb7 6. Bd3 c5 7. c3 0-0 8. Qe2 d5 9. Nbd2 Nc6 10. Ne5 Nxe5 11. dxe5 Nd7 12. Qg4 Re8 13. h4 f5 14. exf6 Bxf6 15. Nf3 e5 16. Bxh7+ Kxh7 17. Ng5+ Kg8 18. Bg3 Nf8 19. 0-0-0 Qd7 20. Qe2 b5 21. Ne4 b4 22. Nxc5 Qc7 23. cxb4 a5 24. Kb1 axb4 25. Rc1 Qb6 26. h5 Rac8 27. Nxb7 Qxb7 28. h6 Rxc1+ 29. Rxc1 b3 30. a3 Rc8 31. hxg7 Rxc1+ 32. Kxc1 Bxg7 33. Qd3 e4 34. Qd2 Qc6+ 35. Kb1 Qc4 36. f3 Qf1+ 37. Be1 Qc4 38. Qd1 Ne6 39. Bb4 Nc7 40. f4 Nb5 41. Qc1 Qd3+ 42. Ka1 Qc2 0-1

[Event "SVK-chT2D 1617"]
[Site "Slovakia"]
[Date "2016.12.03"]
[Round "5.4"]
[White "Husek, Zdenek"]
[Black "Hlinka, Vasil"]
[Result "1/2-1/2"]
[WhiteElo "1909"]
[BlackElo "2080"]
[PlyCount "23"]
[EventDate "2016.10.08"]
[EventType "team-tourn"]
[EventRounds "11"]
[EventCountry "SVK"]
[SourceTitle "EXT 2018"]
[Source "ChessBase"]
[SourceDate "2017.10.13"]
[SourceVersion "1"]
[SourceVersionDate "2017.10.13"]
[SourceQuality "1"]
[WhiteTeam "Kosice Slavia UPJS III"]
[BlackTeam "Kosice Slavia TU IV"]
[WhiteTeamCountry "SVK"]
[BlackTeamCountry "SVK"]

1. d4 d5 2. c4 c6 3. Nf3 Nf6 4. Nc3 a6 5. Ne5 e6 6. e3 Be7 7. c5 0-0 8. Bd3 b6 9. cxb6 Qxb6 10. 0-0 Nbd7 11. Nxd7 Nxd7 12. Qc2 1/2-1/2

[Event "SVK-chT1E 1516"]
[Site "Slovakia"]
[Date "2015.11.15"]
[Round "4.3"]
[White "Hlinka, Vasil"]
[Black "Hotak, Marian"]
[Result "1/2-1/2"]
[WhiteElo "2113"]
[BlackElo "2054"]
[PlyCount "31"]
[EventDate "2015.10.24"]
[EventType "team-tourn"]
[EventRounds "11"]
[EventCountry "SVK"]
[SourceTitle "CBM 169 Extra"]
[Source "ChessBase"]
[SourceDate "2015.12.18"]
[SourceVersion "1"]
[SourceVersionDate "2015.12.18"]
[SourceQuality "1"]
[WhiteTeam "Kosice Slavia"]
[BlackTeam "Spisska Nova Ves"]
[WhiteTeamCountry "SVK"]
[BlackTeamCountry "SVK"]

1. Nf3 g6 2. g3 Bg7 3. Bg2 Nf6 4. 0-0 0-0 5. d4 c5 6. c3 d6 7. dxc5 dxc5 8. Be3 Qc7 9. Na3 Ng4 10. Bg5 h6 11. Bd2 Rd8 12. Qc1 Kh7 13. h3 Nf6 14. Nc4 Be6 15. Na3 Qb6 16. Ne5 1/2-1/2

[Event "SVK-chT1E 1415"]
[Site "Slovakia"]
[Date "2014.10.18"]
[Round "1.3"]
[White "Hlinka, Vasil"]
[Black "Pcola, Pavol"]
[Result "0-1"]
[WhiteElo "2113"]
[BlackElo "2390"]
[PlyCount "38"]
[EventDate "2014.10.18"]
[EventType "team-tourn"]
[EventRounds "11"]
[EventCountry "SVK"]
[SourceTitle "EXT 2016"]
[Source "ChessBase"]
[SourceDate "2015.10.08"]
[SourceVersion "1"]
[SourceVersionDate "2015.10.08"]
[SourceQuality "1"]
[WhiteTeam "Kosice Slavia"]
[BlackTeam "Humenne"]
[WhiteTeamCountry "SVK"]
[BlackTeamCountry "SVK"]

1. d4 d5 2. c4 c6 3. cxd5 cxd5 4. Nc3 Nc6 5. Bf4 Nf6 6. e3 e6 7. Rc1 Bd7 8. Bd3 Be7 9. h3 0-0 10. Nf3 Rc8 11. 0-0 Qb6 12. a3 Na5 13. Ne5 Qxb2 14. Nxd7 Nxd7 15. Nxd5 exd5 16. Rxc8 Rxc8 17. Qg4 Rd8 18. Bc7 Nf6 19. Qh4 Rf8 0-1

[Event "Tatry op"]
[Site "Tatranske Zruby"]
[Date "2014.09.30"]
[Round "4"]
[White "Hlinka, Vasil"]
[Black "Yao, Lan"]
[Result "0-1"]
[WhiteElo "2113"]
[BlackElo "2015"]
[PlyCount "90"]
[EventDate "2014.09.28"]
[EventType "swiss"]
[EventRounds "9"]
[EventCountry "SVK"]
[SourceTitle "CBM 162 Extra"]
[Source "ChessBase"]
[SourceDate "2014.10.17"]
[SourceVersion "1"]
[SourceVersionDate "2014.10.17"]
[SourceQuality "1"]

1. d4 Nf6 2. c4 g6 3. f3 d5 4. cxd5 Nxd5 5. e4 Nb6 6. Nc3 Bg7 7. Be3 0-0 8. Qd2 Nc6 9. 0-0-0 f5 10. e5 Nb4 11. Bh6 Bxh6 12. Qxh6 Be6 13. Nh3 Nxa2+ 14. Nxa2 Bxa2 15. Ng5 Rf7 16. Nxf7 Bxf7 17. Qe3 Qd7 18. Qa3 a5 19. Be2 Nd5 20. Kb1 Nb4 21. d5 Bxd5 22. Bc4 e6 23. Bxd5 Nxd5 24. Rhe1 b5 25. Qc5 a4 26. Rc1 a3 27. bxa3 b4 28. Qc6 Qc8 29. Red1 Ra6 30. Qc4 Qb7 31. Rxd5 exd5 32. Qxc7 Qxc7 33. Rxc7 bxa3 34. Ka2 Re6 35. f4 g5 36. g3 gxf4 37. gxf4 Rh6 38. Kxa3 Rxh2 39. Kb4 Kf8 40. Rd7 Rh4 41. Kc5 Rxf4 42. Kd6 Re4 43. e6 d4 44. Rd8+ Kg7 45. e7 d3 0-1

[Event "SVK-chT2D 1314"]
[Site "Slovakia"]
[Date "2014.02.22"]
[Round "8.1"]
[White "Hlinka, Vasil"]
[Black "Zambor, Norbert"]
[Result "1/2-1/2"]
[WhiteElo "2103"]
[BlackElo "2303"]
[PlyCount "134"]
[EventDate "2013.10.19"]
[EventType "team-tourn"]
[EventRounds "11"]
[EventCountry "SVK"]
[SourceTitle "EXT 2015"]
[Source "ChessBase"]
[SourceDate "2014.11.20"]
[SourceVersion "1"]
[SourceVersionDate "2014.11.20"]
[SourceQuality "1"]
[WhiteTeam "Kosice Slavia TU IV"]
[BlackTeam "Margecany"]
[WhiteTeamCountry "SVK"]
[BlackTeamCountry "SVK"]

1. e4 c5 2. Nf3 Nc6 3. d4 cxd4 4. Nxd4 e5 5. Nb5 d6 6. N1c3 a6 7. Na3 b5 8. Nd5 Nf6 9. Bg5 Be7 10. Bxf6 Bxf6 11. c4 b4 12. Nc2 Rb8 13. b3 Bg5 14. g3 0-0 15. Bg2 Qa5 16. 0-0 Qc5 17. h4 Bd8 18. Kh2 a5 19. Qd3 Be6 20. Bh3 Rb7 21. Rad1 a4 22. Nde3 axb3 23. axb3 Rd7 24. Ra1 Bb6 25. Nd5 Rb7 26. Nxb6 Rxb6 27. Ra4 Na5 28. Ne3 Nb7 29. Ra7 Bxh3 30. Kxh3 Qc8+ 31. Kh2 Nc5 32. Qc2 Ra6 33. Rxa6 Qxa6 34. Nd5 Rb8 35. Rb1 Qa7 36. Qe2 Qd7 37. Kg2 Kh8 38. Qf3 Ne6 39. Ra1 Nd4 40. Qd3 h6 41. Ra4 Ne6 42. Qe3 Nc5 43. Ra5 f5 44. exf5 Qxf5 45. Ra7 Qe4+ 46. Qxe4 Nxe4 47. Ra5 Rf8 48. f4 Nd2 49. fxe5 dxe5 50. Ne7 Rb8 51. Rb5 Rxb5 52. cxb5 Nxb3 53. Nc6 Kg8 54. Nxb4 Kf7 55. Nd3 Ke6 56. b6 Na5 57. Kf3 Nb7 58. Ke3 Kd5 59. Nf2 Nd6 60. Kd3 g5 61. hxg5 hxg5 62. g4 e4+ 63. Ke2 Ke5 64. Nh3 Kf6 65. Ke3 Nc4+ 66. Kxe4 Nxb6 67. Nxg5 Kxg5 1/2-1/2

[Event "SVK-chT 1314"]
[Site "Slovakia"]
[Date "2014.01.25"]
[Round "5.5"]
[White "Rachela, Milan"]
[Black "Hlinka, Vasil"]
[Result "1-0"]
[WhiteElo "2371"]
[BlackElo "2099"]
[PlyCount "49"]
[EventDate "2013.11.09"]
[EventType "team-tourn"]
[EventRounds "11"]
[EventCountry "SVK"]
[SourceTitle "EXT 2015"]
[Source "ChessBase"]
[SourceDate "2014.11.20"]
[SourceVersion "1"]
[SourceVersionDate "2014.11.20"]
[SourceQuality "1"]
[WhiteTeam "Dunajska Streda"]
[BlackTeam "Kosice Slavia TU"]
[WhiteTeamCountry "SVK"]
[BlackTeamCountry "SVK"]

1. Nf3 Nf6 2. c4 c6 3. Nc3 d5 4. e3 a6 5. Qc2 e6 6. d4 c5 7. dxc5 Bxc5 8. a3 Bd6 9. Bd2 dxc4 10. Bxc4 b5 11. Ba2 Bb7 12. Nd4 Nbd7 13. h3 Rc8 14. 0-0 Ne4 15. Nxe4 Rxc2 16. Nxd6+ Ke7 17. Nxb7 Qb6 18. Bb4+ Kf6 19. Nxc2 Qxb7 20. Rad1 Nb6 21. f4 Rc8 22. Bc3+ Ke7 23. f5 Qe4 24. fxe6 Rxc3 25. bxc3 1-0

[Event "Prague op-B 13th"]
[Site "Prague"]
[Date "2014.??.??"]
[Round "2"]
[White "Hlinka, Vasil"]
[Black "Lyell, Mark"]
[Result "0-1"]
[WhiteElo "1625"]
[BlackElo "1796"]
[PlyCount "62"]
[EventDate "2014.01.10"]
[EventType "swiss"]
[EventRounds "9"]
[EventCountry "CZE"]
[SourceTitle "CBM 158 Extra"]
[Source "ChessBase"]
[SourceDate "2014.02.28"]
[SourceVersion "1"]
[SourceVersionDate "2014.02.28"]
[SourceQuality "1"]

1. e4 e5 2. f4 d5 3. exd5 Nf6 4. c4 Bc5 5. fxe5 Ne4 6. d4 Qh4+ 7. g3 Nxg3 8. hxg3 Qxh1 9. Be3 Bb4+ 10. Nc3 Bxc3+ 11. bxc3 Qe4 12. Qd2 0-0 13. Bg2 Qg6 14. Qf2 Qd3 15. Ne2 Qxc4 16. Bd2 Nd7 17. Nf4 Nb6 18. Be4 Bg4 19. Bd3 Qa4 20. Qh2 g6 21. Qh6 f5 22. exf6 Qe8+ 23. Kf2 Rxf6 24. Rh1 Qf7 25. Kg1 Bf5 26. Bxf5 Rxf5 27. Rh4 Nxd5 28. Nxd5 Rf1+ 29. Kg2 Qf2+ 30. Kh3 Rh1+ 31. Kg4 Qf5# 0-1

[Event "Tatry op"]
[Site "Tatranske Zruby"]
[Date "2013.10.01"]
[Round "3"]
[White "Hlinka, Vasil"]
[Black "Bombek, Peter"]
[Result "1/2-1/2"]
[WhiteElo "2103"]
[BlackElo "2219"]
[PlyCount "126"]
[EventDate "2013.09.29"]
[EventType "swiss"]
[EventRounds "9"]
[EventCountry "SVK"]
[SourceTitle "CBM 156 Extra"]
[Source "ChessBase"]
[SourceDate "2013.10.22"]
[SourceVersion "1"]
[SourceVersionDate "2013.10.22"]
[SourceQuality "1"]

1. d4 d5 2. Nf3 Nf6 3. Bf4 e6 4. e3 c5 5. c3 Nc6 6. Nbd2 Be7 7. h3 Bd7 8. Bd3 Rc8 9. 0-0 0-0 10. Ne5 Nxe5 11. dxe5 Ne8 12. c4 dxc4 13. Nxc4 b5 14. Nd6 Nxd6 15. exd6 Bf6 16. Qc2 g6 17. Be4 Qb6 18. Rfd1 Rfd8 19. Bg3 Bc6 20. Rd2 c4 21. Rad1 Rd7 22. h4 Rcd8 23. h5 Kg7 24. Bxc6 Qxc6 25. e4 e5 26. Qc3 Qxe4 27. Rd5 b4 28. Qxb4 gxh5 29. Qc3 Re8 30. f3 Qg6 31. Bxe5 Rxe5 32. Rxe5 Qg3 33. Rdd5 h6 34. Qe1 Bxe5 35. Qxe5+ Qxe5 36. Rxe5 Rxd6 37. Rxh5 Rb6 38. Rc5 Rxb2 39. Rxc4 Rxa2 40. Rc6 a5 41. Ra6 a4 42. Kh2 a3 43. Kg3 Ra1 44. Kh2 f6 45. Kg3 Kg6 46. Kf4 h5 47. g3 Ra2 48. Ra7 Ra1 49. Ra6 a2 50. Ra7 Kh6 51. Ra6 Kg7 52. Ra7+ Kf8 53. Ra8+ Ke7 54. Ra7+ Ke6 55. Ra6+ Kd5 56. Ra5+ Kd4 57. Ra4+ Kd3 58. Ra8 Ke2 59. Re8+ Kf2 60. Ra8 Kg2 61. Ra5 Rf1 62. Rxa2+ Rf2 63. Ra3 Rf1 1/2-1/2

[Event "SVK-chT 1213"]
[Site "Slovakia"]
[Date "2013.02.10"]
[Round "8.6"]
[White "Hlinka, Vasil"]
[Black "Podoba, Milan"]
[Result "1-0"]
[WhiteElo "2155"]
[BlackElo "2116"]
[PlyCount "87"]
[EventDate "2012.10.27"]
[EventType "team-tourn"]
[EventRounds "11"]
[EventCountry "SVK"]
[SourceTitle "EXT 2014"]
[Source "ChessBase"]
[SourceDate "2013.11.20"]
[SourceVersion "1"]
[SourceVersionDate "2013.11.20"]
[SourceQuality "1"]
[WhiteTeam "Kosice Slavia"]
[BlackTeam "Dubnica nad Vahom"]
[WhiteTeamCountry "SVK"]
[BlackTeamCountry "SVK"]

1. c4 e6 2. Nc3 d5 3. d4 c6 4. Nf3 Nf6 5. g3 Bd6 6. Bg2 Nbd7 7. Nd2 0-0 8. 0-0 Re8 9. e4 dxe4 10. Ndxe4 Nxe4 11. Nxe4 Be7 12. Qc2 Nf6 13. Rd1 Nxe4 14. Bxe4 f5 15. Bg2 Bf6 16. Be3 Qc7 17. Bf4 e5 18. Re1 Bd7 19. dxe5 Bxe5 20. Bxe5 Rxe5 21. Rxe5 Qxe5 22. Qd2 Be8 23. Re1 Qf6 24. Qb4 Rb8 25. Re7 a5 26. Qe1 Bf7 27. b3 Kf8 28. Re5 b6 29. Qe3 Re8 30. Rxe8+ Bxe8 31. Qxb6 Qa1+ 32. Bf1 Qxa2 33. Qc5+ Kg8 34. Qxf5 Qxb3 35. Qxa5 g6 36. Qd8 Kf7 37. h4 Qc3 38. h5 gxh5 39. Bd3 h6 40. Bg6+ Kxg6 41. Qxe8+ Kg5 42. Qxc6 h4 43. Qd5+ Kf6 44. Qd8+ 1-0

[Event "SVK-chT2D 1213"]
[Site "Slovakia"]
[Date "2013.02.03"]
[Round "7.1"]
[White "Mrva, Martin"]
[Black "Hlinka, Vasil"]
[Result "1-0"]
[WhiteElo "2435"]
[BlackElo "2155"]
[PlyCount "71"]
[EventDate "2012.10.13"]
[EventType "team-tourn"]
[EventRounds "11"]
[EventCountry "SVK"]
[SourceTitle "EXT 2015"]
[Source "ChessBase"]
[SourceDate "2014.11.20"]
[SourceVersion "1"]
[SourceVersionDate "2014.11.20"]
[SourceQuality "1"]
[WhiteTeam "Humenne"]
[BlackTeam "Kosice Slavia TU IV"]
[WhiteTeamCountry "SVK"]
[BlackTeamCountry "SVK"]

1. Nf3 d5 2. g3 Nf6 3. Bg2 g6 4. c4 c6 5. Qc2 Bg7 6. 0-0 0-0 7. d3 Re8 8. Bf4 Nbd7 9. cxd5 Nxd5 10. Bd2 Qb6 11. Nc3 Nxc3 12. Bxc3 e5 13. b4 Nf8 14. Qb2 f6 15. e4 Bg4 16. d4 Bxf3 17. Bxf3 Rad8 18. Rfd1 Qc7 19. Rac1 Ne6 20. d5 Ng5 21. Bg2 Nf7 22. Bd2 Rd6 23. Be3 b6 24. Qc2 Red8 25. Bf3 Bf8 26. a3 Qd7 27. dxc6 Qc7 28. Rxd6 Bxd6 29. Bg4 Kg7 30. Qb3 Ra8 31. Be6 Nd8 32. Bd5 Rc8 33. Qa4 h6 34. Ba2 Qe7 35. Qb3 Qf8 36. Rd1 1-0

[Event "SVK-chT2D 1213"]
[Site "Slovakia"]
[Date "2012.12.16"]
[Round "6.1"]
[White "Hlinka, Vasil"]
[Black "Kusiak, Matej"]
[Result "0-1"]
[WhiteElo "2155"]
[BlackElo "2179"]
[PlyCount "100"]
[EventDate "2012.10.13"]
[EventType "team-tourn"]
[EventRounds "11"]
[EventCountry "SVK"]
[SourceTitle "EXT 2015"]
[Source "ChessBase"]
[SourceDate "2014.11.20"]
[SourceVersion "1"]
[SourceVersionDate "2014.11.20"]
[SourceQuality "1"]
[WhiteTeam "Kosice Slavia TU IV"]
[BlackTeam "Kosice SK"]
[WhiteTeamCountry "SVK"]
[BlackTeamCountry "SVK"]

1. d4 Nf6 2. c4 g6 3. Nc3 d5 4. cxd5 Nxd5 5. e4 Nxc3 6. bxc3 Bg7 7. Bg5 c5 8. Rc1 0-0 9. Nf3 Nc6 10. d5 Ne5 11. Be2 Nxf3+ 12. Bxf3 Qd6 13. 0-0 b5 14. Re1 Rb8 15. g3 e5 16. a4 a6 17. axb5 axb5 18. Ra1 h6 19. Bd2 f5 20. Ra7 Qb6 21. Qa1 Rf7 22. Rxf7 Kxf7 23. Qc1 h5 24. exf5 Bxf5 25. Bh6 Bh8 26. d6 Qxd6 27. Rd1 Qe7 28. Qe3 e4 29. Bf4 Rb6 30. Be2 Bg7 31. h4 Bf8 32. Bg5 Qe5 33. Ra1 Rb7 34. Ra6 Bg7 35. Qd2 Be6 36. Ra8 Rd7 37. Qb2 b4 38. Qc1 bxc3 39. Bf4 Qd5 40. Ra4 Qc6 41. Ra6 Qd5 42. Bh6 Bd4 43. Qf4+ Qf5 44. Qxf5+ gxf5 45. Bxh5+ Ke7 46. Bg5+ Bf6 47. Be3 c2 48. Bxc5+ Kd8 49. Rc6 c1Q+ 50. Kh2 Rc7 0-1

[Event "Tatry op"]
[Site "Tatranske Zruby"]
[Date "2012.09.23"]
[Round "1"]
[White "Klein, Felix"]
[Black "Hlinka, Vasil"]
[Result "1-0"]
[WhiteElo "2310"]
[BlackElo "2155"]
[PlyCount "39"]
[EventDate "2012.09.23"]
[EventType "swiss"]
[EventRounds "9"]
[EventCountry "SVK"]
[SourceTitle "CBM 150 Extra"]
[Source "ChessBase"]
[SourceDate "2012.10.19"]
[SourceVersion "1"]
[SourceVersionDate "2012.10.19"]
[SourceQuality "1"]

1. e4 d5 2. exd5 Qxd5 3. Nc3 Qa5 4. d4 Nf6 5. Nf3 c6 6. Bc4 Bf5 7. Bd2 Nbd7 8. Qe2 e6 9. d5 cxd5 10. Nxd5 Qd8 11. Nxf6+ gxf6 12. Nd4 Bg6 13. 0-0-0 Rc8 14. Bc3 Bh6+ 15. Kb1 0-0 16. Nxe6 fxe6 17. Rxd7 Qxd7 18. Bxe6+ Qf7 19. Bxf7+ Rxf7 20. h4 1-0

[Event "SVK-chT1E 1011"]
[Site "Slovakia"]
[Date "2011.03.19"]
[Round "8"]
[White "Bakalar, Jan"]
[Black "Hlinka, Vasil"]
[Result "0-1"]
[WhiteElo "2081"]
[BlackElo "2142"]
[PlyCount "114"]
[EventDate "2010.11.06"]
[EventType "team-tourn"]
[EventRounds "11"]
[EventCountry "SVK"]
[SourceTitle "EXT 2012"]
[Source "ChessBase"]
[SourceDate "2011.11.24"]
[SourceVersion "1"]
[SourceVersionDate "2011.11.24"]
[SourceQuality "1"]
[WhiteTeam "Rajecke Teplice"]
[BlackTeam "Kosice Slavia II"]
[WhiteTeamCountry "SVK"]
[BlackTeamCountry "SVK"]

1. e4 c5 2. Nf3 Nc6 3. Bb5 d6 4. Bxc6+ bxc6 5. h3 e5 6. 0-0 Nf6 7. Re1 Be7 8. c3 0-0 9. d4 cxd4 10. cxd4 Nd7 11. Qc2 Bb7 12. dxe5 dxe5 13. b3 Qc7 14. Bb2 Bb4 15. Rd1 Rfe8 16. Nbd2 Bf8 17. Nc4 c5 18. Re1 f6 19. Rad1 Nb6 20. Nfd2 Rad8 21. a4 Nd7 22. Bc3 Rc8 23. Nf1 Nb8 24. Na5 Nc6 25. Nxc6 Bxc6 26. Ne3 Qb7 27. f3 Rb8 28. Rb1 Red8 29. Nc4 Qf7 30. Red1 Rxd1+ 31. Rxd1 Bxa4 32. Rb1 Rxb3 33. Ne3 Rxb1+ 34. Qxb1 Qb3 35. Qe1 Bc6 36. Kh2 Qe6 37. Qa1 Qd7 38. Qa2+ Kh8 39. Ng4 Bb5 40. Ne3 c4 41. Nd5 Bc5 42. g4 Bd4 43. Qa3 Qd8 44. Ba5 Qc8 45. Ne7 Qc5 46. Qxc5 Bxc5 47. Nd5 Bc6 48. Nc3 Kg8 49. Kg2 Kf7 50. h4 Bb6 51. Bb4 a5 52. Ba3 Bd4 53. Ne2 Ba1 54. Bc5 c3 55. Bb6 Bb5 56. Nc1 Bb2 57. Be3 Bc4 0-1

[Event "SVK-chT1E 0910"]
[Site "Slovakia"]
[Date "2010.02.14"]
[Round "9.5"]
[White "Hlinka, Vasil"]
[Black "Egyed, Andras"]
[Result "0-1"]
[WhiteElo "2173"]
[BlackElo "2295"]
[PlyCount "84"]
[EventDate "2009.10.17"]
[EventType "team"]
[EventRounds "11"]
[EventCountry "SVK"]
[SourceTitle "EXT 2011"]
[Source "ChessBase"]
[SourceDate "2010.11.26"]
[SourceVersion "1"]
[SourceVersionDate "2010.11.26"]
[SourceQuality "1"]
[WhiteTeam "Kosice Slavia II"]
[BlackTeam "Filakovo"]
[WhiteTeamCountry "SVK"]
[BlackTeamCountry "SVK"]

1. d4 Nf6 2. Bg5 d5 3. Bxf6 exf6 4. g3 c6 5. Bg2 f5 6. e3 Bd6 7. Ne2 Qe7 8. 0-0 0-0 9. Nd2 Be6 10. b3 Nd7 11. c4 Nf6 12. c5 Bc7 13. b4 Bd7 14. Rb1 Rfe8 15. a4 Ng4 16. Rb3 h5 17. Bf3 h4 18. Re1 g6 19. Nf4 Kg7 20. Bxg4 fxg4 21. e4 Bxf4 22. gxf4 Qf6 23. e5 Qxf4 24. Nf1 a6 25. Qd2 Qf5 26. Qd1 Qg5 27. Qd2 Qf5 28. Qd1 Rh8 29. Rbe3 Rae8 30. Qb3 Qf4 31. Qc3 Bf5 32. Qd2 Bd7 33. Rb3 Qf5 34. Rbe3 Rh7 35. Rb3 Reh8 36. Rbe3 Rh5 37. Rb3 Qe6 38. Qf4 Rf5 39. Qxg4 Rhh5 40. Qe2 Rf4 41. Rd1 Rg5+ 42. Kh1 Qg4 0-1

[Event "SVK-chT1E 0910"]
[Site "Slovakia"]
[Date "2010.01.17"]
[Round "7.61"]
[White "Mazur, Stefan"]
[Black "Hlinka, Vasil"]
[Result "1-0"]
[WhiteElo "2367"]
[BlackElo "2173"]
[PlyCount "83"]
[EventDate "2009.10.17"]
[EventType "team"]
[EventRounds "11"]
[EventCountry "SVK"]
[SourceTitle "EXT 2011"]
[Source "ChessBase"]
[SourceDate "2010.11.26"]
[SourceVersion "1"]
[SourceVersionDate "2010.11.26"]
[SourceQuality "1"]
[WhiteTeam "Michalovce Zemplin"]
[BlackTeam "Kosice Slavia II"]
[WhiteTeamCountry "SVK"]
[BlackTeamCountry "SVK"]

1. e4 c5 2. Nf3 Nc6 3. Bb5 d6 4. 0-0 Bd7 5. Re1 Nf6 6. c3 a6 7. Bf1 Bg4 8. h3 Bh5 9. d3 e6 10. g4 Bg6 11. Nh4 Be7 12. Ng2 h5 13. f4 hxg4 14. hxg4 Nd7 15. Nd2 Qc7 16. Nf3 0-0-0 17. f5 Bh7 18. Bf4 g6 19. fxe6 fxe6 20. Ng5 Bxg5 21. Bxg5 Rdf8 22. Re3 Bg8 23. Nh4 Nde5 24. d4 Qf7 25. dxe5 Qf2+ 26. Kh1 Rxh4+ 27. Bxh4 Qxe3 28. Bf6 Rf7 29. Qd3 Rh7+ 30. Kg2 Qf4 31. Qg3 Qxe4+ 32. Kf2 Rh1 33. Bd3 Qd5 34. Rxh1 Qxh1 35. exd6 Qc1 36. Qf3 Qxb2+ 37. Be2 Kd7 38. Bh8 e5 39. g5 Qxa2 40. Qf6 Qf7 41. Bg4+ Ke8 42. d7+ 1-0